| 000 | 00578cam a2200193 4500 | ||
|---|---|---|---|
| 001 | D15096 | ||
| 008 | 090401t1977 xxu||||| |||| 00| 0 eng d | ||
| 035 | _a(Sirsi) u20232 | ||
| 041 | _aeng | ||
| 050 | _a622.159 | ||
| 100 | _aTaylor, J. | ||
| 245 | _aBersham colliery laser unit mounting bracket | ||
| 260 | _c1977 | ||
| 350 | _a0 | ||
| 520 | _aUnpublished paper, 14 June 1977 ; 1 leaf typescript, 2 leaves diagrams (1 folded) 4 photographs 30cm ; Filed in box 1977/35A | ||
| 710 |
_aRoyal Institution of Chartered Surveyors _94900 |
||
| 942 | _n0 | ||
| 948 | _c04/03/1997 | ||
| 999 |
_c87775 _d87775 |
||